000 00524cas a22001694i 4500
999 _c60845
_d60845
001 768714001
003 CO-MdFUSB
005 20180414103718.0
008 180414s2005 cr ||||| |||| 00| 0 spa d
040 _aCO-MdFUSB
_bspa
_cCO-MdFUSB
_dCO-MdFUSB
041 _aspa
100 1 _aZuccherino, Daniel
_eautor
245 1 0 _aEl Dios de toda gracia
300 _aVolumen 7. Número 2 (2005), páginas 21-23
_c: 28 cm.
773 0 _tConquista Cristiana
_049446
_960341
_gVolumen 7. Número 2 (2005), páginas
_q: 28 cm.
942 _cANA